Moulins ou moulin ou Jean Moulin ou les trois ? - Statistiques

Statistiques générales
  • Ce quiz a été pris 57 fois
  • Le résultat moyen est 11 sur 15
Statistiques - réponses
Hint Réponse % Correct
Symbole de la résistance française Jean Moulin
90%
En lien avec la farine moulin
90%
On a pu le voir en France Les trois
86%
Portant un chapeau Jean Moulin
84%
A un musée dédié à son nom à Lyon Jean Moulin
82%
Comportant une ou plusieurs meules moulin
82%
Préfecture de Département Moulins
80%
Les allemands y entrent le 18 Juin 1940 Moulins
80%
Préfet de l'Aveyron en 1939 Jean Moulin
78%
Du latin "molinum" moulin
74%
A connu la Guerre Les trois
66%
Sur la rive droite d'un fleuve Moulins
62%
Du latin "Molinis" Moulins
62%
A resisté aux allemands Les trois
36%
A produit de l'énérgie Les trois
14%
Aucun quiz correspondant
Distribution des résultats
% des personnes avec chaque résultat
Percentile par nombre de réponses
Votre historique - résultats
Vous n’avez pas pris ce quiz